000 00463pab a2200157 454500
008 180718b1997 xxu||||| |||| 00| 0 eng d
100 _aThomas, Alan B.
245 _aContextual influences on thinking in organizations: learner and tutor orientations to organaizational learning
260 _c1997
300 _ap.851-70
362 _aNov
650 _aOrganizations
700 _aAl-Maskati, Huda
773 _aJournal of Management Studies
909 _a36645
999 _c36645
_d36645